Katastralgemeinden von Zwentendorf - Statistiken

Allgemein
  • Dieses Quiz wurde 12 mal gespielt
  • Das Durchschnittsergebnis liegt bei 5 aus 9
Antworten auf der Karte
Die Antworten werden auf der Karte rot bzw. grün angezeigt, abhängig davon wie oft sie richtig erraten wurden.
 
Antwortstatistiken
Einwohner Katastralgemeinde % Korrekt
1.190 Zwentendorf
100%
108 Bärndorf
67%
500 Dürnrohr
67%
1.542 Erpersdorf
67%
151 Kaindorf
67%
119 Kleinschönbichl
67%
322 Maria Ponsee
33%
127 Pischelsdorf
33%
122 Preuwitz
33%
Keine übereinstimmenden Quizze gefunden
Verteilung der Resultate
Anzahl Personen mit jedem Resultat
Perzentil nach korrekt beantworteten Fragen
Ihre Resultats-Entwicklung
Sie haben dieses Quiz noch nicht gespielt